Consumer vies the secondary school program (Record no. 1370528)

MARC details
000 -LEADER
fixed length control field 00676nam a2200193Ia 4500
005 - DATE AND TIME OF LATEST TRANSACTION
control field 20250508161526.0
008 - FIXED-LENGTH DATA ELEMENTS--GENERAL INFORMATION
fixed length control field 008 250505s9999 xx 000 0 eng d
037 ## - SOURCE OF ACQUISITION
Stock number Books to be hide in OPAC
040 ## - CATALOGING SOURCE
Original cataloging agency FEDL
Language of cataloging eng
Transcribing agency FEDL
041 ## - LANGUAGE CODE
Language code of text/sound track or separate title eng
Source of code eng
084 ## - COLON CLASSIFICATION NUMBER
Classification number 373, MET
Assigning agency FEDL
100 ## - MAIN ENTRY--PERSONAL NAME
Personal name Moore Leslie
9 (RLIN) 770834
245 #0 - TITLE STATEMENT
Title Consumer vies the secondary school program
260 ## - PUBLICATION, DISTRIBUTION, ETC.
Place of publication, distribution, etc. New York, USA
Name of publisher, distributor, etc. Metropolitan School Study Council
Date of publication, distribution, etc. 1953
300 ## - PHYSICAL DESCRIPTION
Extent iv,9p.
546 ## - LANGUAGE NOTE
Language note This is the first of a series of leaflets reporting the work of the secondary school curriculum committee on the general topic
942 ## - ADDED ENTRY ELEMENTS (KOHA)
Koha item type Books to be hide in OPAC
Classification part 373, MET
Holdings
Withdrawn status Lost status Damaged status Not for loan Home library Current library Date acquired Total Checkouts Full call number Barcode Date last seen Price effective from Koha item type
        Department of Education Library Department of Education Library 2025-05-08   373, MET EL0057980 2025-05-08 2025-05-08 Books to be hide in OPAC
Copyright @ Delhi University Library System